Great Kitchens at home with America's top chefs (Record no. 1233)

MARC details
000 -LEADER
fixed length control field 00393nam a2200157Ia 4500
008 - FIXED-LENGTH DATA ELEMENTS--GENERAL INFORMATION
fixed length control field 230312s9999||||xx |||||||||||||| ||und||
020 ## - INTERNATIONAL STANDARD BOOK NUMBER
International Standard Book Number 1-56158-287-5
082 ## - DEWEY DECIMAL CLASSIFICATION NUMBER
Classification number 643.3
Item number WHI
100 ## - MAIN ENTRY--PERSONAL NAME
Personal name Whitaker, Ellen
245 #0 - TITLE STATEMENT
Title Great Kitchens at home with America's top chefs
260 ## - PUBLICATION, DISTRIBUTION, ETC.
Name of publisher, distributor, etc. Taunton
Place of publication, distribution, etc. USA
Date of publication, distribution, etc. 1999
300 ## - PHYSICAL DESCRIPTION
Extent 231
546 ## - LANGUAGE NOTE
Language note Eng.
650 ## - SUBJECT ADDED ENTRY--TOPICAL TERM
Topical term or geographic name entry element Architecture
Form subdivision Ken Home
942 ## - ADDED ENTRY ELEMENTS (KOHA)
Koha item type BOOK
Holdings
Withdrawn status Lost status Source of classification or shelving scheme Damaged status Not for loan Home library Current library Date acquired Total Checkouts Full call number Barcode Date last seen Price effective from Koha item type
    Dewey Decimal Classification     Superior Information Resource Center (SIRC) Superior University- Main Campus Superior Information Resource Center (SIRC) Superior University- Main Campus 03/13/2023   643.3 WHI 1243 03/13/2023 03/13/2023 BOOK

Powered by Koha